Quizzes
Events
Quiz Creation
Community
Videos
Private Events
Remove Ads
Sign In
Join for FREE
Feedback
Dark Mode
Quiz Categories
Sports
Geography
Music
Movies
Television
Just For Fun
Miscellaneous
History
Literature
Language
Science
Gaming
Entertainment
Religion
Holiday
For Kids
Quiz Lab
Recent
Popular Today
Quiz Kudos Today
Editor Picks
Curator Picks
Quizzes by...
Day
Popularity
Type
Ratings
Length
Year
Community
Subscriptions
Recent Discussions
Orange Saloon
Badges
Playlists
Quests
Create
Leaderboards
Showdown
Live 5
Trivia Bingo
Activity
Puzzle Library
Sporcle Events
Private Events
Virtual Trivia
Globe League
Become a Host
Pub Owners
SporcleCon
Opinionation
Our Games
Videos
Blog
Mobile Apps
Partnerships
Remove Ads and Go Orange
Feedback
Sports
Athletes
MLB
NBA
NHL
NFL
Soccer
Sports Teams
WWE
NCAA
Football
Premier League
Basketball
Baseball
Hockey
Golf
Tennis
Cricket
Rugby
Auto Racing
Olympics
World Cup
Sports
Athletes
MLB
NBA
NHL
NFL
Soccer
Sports Teams
WWE
NCAA
Football
Premier League
Basketball
Baseball
Hockey
Golf
Tennis
Cricket
Rugby
Auto Racing
Olympics
World Cup
Random Quiz
Search Sporcle
×
Quiz Lab
Quiz Lab
Sports
Clickable
Select answers by clicking on text or image buttons
Select answers by clicking on text or image buttons
Clickable
Best Score? Go Orange.
Name the Sports Fact By Description Stats
Can you pick the Name the Sports Fact Based on the Description?
By
AxelFoley
20m
86 Questions
54 Plays
54 Plays
54 Plays
Comments
Comments
Give Quiz Kudos
Give Quiz Kudos
-
- Ratings
hide this ad
Forced Order
Answers have to be entered in order
Answers have to be entered in order
Replay
Link that replays current quiz
Next Quiz
Link to next quiz in quiz playlist
You Got
0%
They Got
Avg Score
60%
Avg Friend Score
Upgrade to see
Score Distribution
Jump to the score distribution portion of the page
Score
0/86
Timer
20:00
0
Plays Today
% Correct
The Immaculate Reception
88.9%
Tim Lincecum
83.3%
The Rumble in the Jungle
81.5%
Phil Simms
81.5%
The Malice at the Palace
81.5%
Wide Right
81.5%
The Drive
79.6%
The Fake Spike
79.6%
The Catch
77.8%
San Francisco Giants
77.8%
Larry Bird
75.9%
Dan Marino
75.9%
Ben Johnson
75.9%
The Greatest Show on Turf
75.9%
Bill Walsh
75.9%
The Tuck Rule
75.9%
New York Mets
75.9%
Joe Dimaggio
75.9%
The Shot Heard 'Round the World
75.9%
Earl Campbell
74.1%
The Thrilla in Manila
74.1%
Ickey Woods
72.2%
Marcus Allen
72.2%
Doug Williams
72.2%
Michael Moorer
72.2%
Michael Jordan
72.2%
Orel Hershiser
72.2%
The Catch 2
70.4%
The Shot
70.4%
% Correct
Ted Williams hits .406
70.4%
The Ice Bowl
70.4%
Bob Gibson
70.4%
Ryan Leaf
70.4%
Run TMC
70.4%
Marvin Hagler
70.4%
The Play
68.5%
Jose Canseco
68.5%
Phi Slamma Jamma
68.5%
Kirby Puckett
68.5%
Will Clark
66.7%
Gale Sayers
66.7%
Barry Sanders
64.8%
The Dream Shake
64.8%
Ottis Anderson
63%
Terry Bradshaw
63%
Satchel Paige
63%
The World Awaits
61.1%
Toronto Bluejays
61.1%
John Riggins
59.3%
Joe Louis
59.3%
Lawrence Taylor
57.4%
John Taylor
57.4%
The Fumble
57.4%
Terry Bradshaw
57.4%
Andre Ware
55.6%
Terrell Davis
55.6%
Emmitt Smith
55.6%
Josh Gibson
55.6%
% Correct
Jerry Rice
53.7%
Barry Sanders
53.7%
Larry Nance
51.9%
Oscar De La Hoya
51.9%
Jim Mora
51.9%
Randy Moss
51.9%
Mike Jones
51.9%
Terrell Owens
50%
Al Downing
50%
Wilfred Benitez
50%
Alvin Robertson
50%
Dan O'Brien
48.1%
Curtis Martin
46.3%
Ghost to the Post
44.4%
Roger Craig
44.4%
Miracle at the Meadowlands
44.4%
Boomer Esiason
42.6%
Trevor Berbick
42.6%
Antonio Tarver
42.6%
Matt Snell
40.7%
Jim Brown
40.7%
Sea of Hands
38.9%
Red Right 88
37%
James Toney
37%
Eric Show
37%
Bo Jackson
13%
James Scott
11.1%
Carl Monroe
7.4%
Quiz Playlist
Details
Report
Send in Message
Add To Playlist
Clickable:
Select answers by clicking on text or image buttons
Forced Order:
Answers have to be entered in order
Last Updated: Feb 16, 2017
Quiz Scoreboard
CHALLENGE
Sign Up to Join the Scoreboard
Show All
Scores
Hide
Comments
May contain spoilers
Recently Published
College Basketball Coaching Resumes
by pancakes188
Sports
9m
Billboard Blitz: Fleetwood Mac
by CooCooCachoo
Music
15s
Presidents Visiting Landmarks
by Hejman
History
7m
More to Explore
Quiz From the Vault
Featured Blog Post
Where Did the Easter Bunny Come From?
hide this ad
You Might Also Like...
Tags
Clickable Quiz
description
Today's Top Quizzes in Sports
Browse Sports
hide this ad
Today's Top Quizzes in Clickable
Browse Clickable
Top Contributed Quizzes in Sports
1
Les meilleurs buteurs des matchs entre le PSG et l’OM
2
2022 World Cup Stars
3
FIFA Club World Cup Champions
4
Les entraîneurs de l'OM et du PSG au 21e siècle
5
Criteria MLB: Left Handed Sluggers
6
AFC Teams Reveal (Wrong Answers Minefield)
7
5-to-1: UK Sports Teams
8
Name the Premier League winners with different clubs
9
5-to-1: FBS Animal Nicknames
10
Players with Multiple 50 Home Run Seasons
Explore More
Trending Topics
Marvel
Harry Potter
Disney
Crossword
NBA
Kpop
Anime
The Office
Pokémon
Country
Song
Soccer
NFL
Puzzle
WWE
hide this ad
More By:
AxelFoley
Quiz
Plays
Rating
Category
Featured
Created
Robert De Niro Films (Clickable)
568
4.55
Movies
Mar 15, 2013
80s Movies by Characters 1
292
4.40
Movies
Feb 11, 2013
Name the NFL Player By Teams
259
4.33
Sports
Mar 6, 2013
80s Movies by Character 2
164
3.67
Movies
Feb 12, 2013
Name the Samuel L. Jackson Movie
137
4.67
Movies
Mar 16, 2013
Go to Creator's Profile
Score Distribution
Quiz Creator Spotlight
AxelFoley
Follow
Send a Message
Quizzes Created
-
Created Quiz Play Count
-
More By This Creator
Popular Quizzes Today
1
Find the US States - No Outlines Minefield
2
Find the Countries of Europe - No Outlines Minefield
3
The Countries of the World
4
Find the US States
5
Risky Map Clicking: Biggest States A-Z
6
US States
7
Popular People in 1961
8
Movies - When Are They Set?
More Sports Quizzes
NFL Decade Yardage Leaders: '80s-'00s
Published
Trending Quizzes
Risky Map Clicking: Least Populous States A-Z
1-10 Letter G Words
1-10 Letter F Words
Risky Map Clicking: Next State Alphabetically
Click the Washington State Counties! (Map)
Recently Updated
Leaping Animals
pecheneg
Reality TV Shows (A-Z)
bhenderson79
Rickey Henderson's Hall of Fame Teammates
pecheneg
Champions League XIs: Arsenal
pecheneg
Quick Pick: Celebrities in WWE's Hall of Fame
aduchscher
A-Z Keypad Blitz II
pecheneg
Multiple Oscar Actors
pecheneg
Mystery Phrase Blitz: Oscar 'Best Actors'
pecheneg
F. Scott Fitzgerald Novels
LTH
Pick 3 Villains
ddd62291
Trending Topics
Crossword
Marvel
Kpop
Disney
Anime
NBA
Harry Potter
Song
NFL
Pokémon
WWE
The Office
Puzzle
Country
Soccer
Your Account Isn't Verified!
In order to create a playlist on Sporcle, you need to verify the email address you used during registration. Go to your
Sporcle Settings
to finish the process.
Report this User
Report this user for behavior that violates our
Community Guidelines
.
Details:
Send Report
Go to the Sporcle.com Mobile Site →
Comments